000 00450nam a2200157Ia 4500
008 191206s9999 xx 000 0 und d
020 _a875895247
090 _aBF441A64
245 0 _a"Reasoning, Learning, and Action: Individual and Organizational"
250 _a1st ed.
260 _aJossey-Bass
260 _bJossey-Bass social and behavioral science series
260 _cc1982
300 _a"xxvi, 499 p. ; 24 cm."
999 _c16775
_d16775